Online
Catalog

Une lettre à Jacques Maritain / (Record no. 30260)

MARC details
000 -CABECERA
campo de control de longitud fija 00835nam a2200253 a 4500
001 - NÚMERO DE CONTROL
campo de control 000030768
005 - FECHA Y HORA DE LA ÚLTIMA TRANSACCIÓN
campo de control 20240226131943.0
008 - DATOS DE LONGITUD FIJA--INFORMACIÓN GENERAL
campo de control de longitud fija 110527s1944 dr 000 idspa d
040 ## - FUENTE DE LA CATALOGACIÓN
Centro catalogador/agencia de origen DO-SdBNP
Lengua de catalogación spa
Centro/agencia transcriptor BNPHU
041 07 - CÓDIGO DE LENGUA
Código de lengua del texto/banda sonora o título independiente fr
082 ## - NÚMERO DE LA CLASIFICACIÓN DECIMAL DEWEY
Número de clasificación 199.7293
Número de documento/Ítem G215u
049 ## - FONDOS LOCALES (OCLC)
Fondos de biblioteca BNPD
100 1# - ENTRADA PRINCIPAL--NOMBRE DE PERSONA
Nombre de persona Avelino, Andrés,
Fechas asociadas al nombre 1900-1974
9 (RLIN) 31875
245 10 - MENCIÓN DE TÍTULO
Título Une lettre à Jacques Maritain /
Mención de responsabilidad, etc. Andrés Avelino.
246 13 - FORMA VARIANTE DE TÍTULO
Título propio/Titulo breve Une lettre à Maritain
260 ## - PUBLICACIÓN, DISTRIBUCIÓN, ETC.
Lugar de publicación, distribución, etc. Ciudad Trujillo, República Dominicana :
Nombre del editor, distribuidor, etc. Montalvo,
Fecha de publicación, distribución, etc. 1944.
300 ## - DESCRIPCIÓN FÍSICA
Extensión 36 p. ;
Dimensiones 25 cm.
546 ## - NOTA DE LENGUA/LENGUAJE
Nota de lengua/lenguaje Francés
600 14 - PUNTO DE ACCESO ADICIONAL DE MATERIA--NOMBRE DE PERSONA
Nombre de persona MARITAIN, JACQUES,
Fechas asociadas al nombre 1882-1973
9 (RLIN) 5666
650 #4 - PUNTO DE ACCESO ADICIONAL DE MATERIA--TÉRMINO DE MATERIA
Término de materia o nombre geográfico como elemento de entrada Filosofía
Subdivisión geográfica República Dominicana
9 (RLIN) 5667
650 #4 - PUNTO DE ACCESO ADICIONAL DE MATERIA--TÉRMINO DE MATERIA
Término de materia o nombre geográfico como elemento de entrada Filosofía cristiana
9 (RLIN) 390
650 #4 - PUNTO DE ACCESO ADICIONAL DE MATERIA--TÉRMINO DE MATERIA
Término de materia o nombre geográfico como elemento de entrada Filósofos dominicanos
Subdivisión general Correspondencia, memorias, etc.
9 (RLIN) 5668
910 ## - DATOS DE OPCIÓN DEL USUARIO (OCLC)
Datos de opción del usuario Validado. Control de calidad EMS
Holdings
Estado de retiro Estado de pérdida Restricciones de uso No para préstamo Código de colección Localización permanente Ubicación/localización actual Ubicación en estantería Fecha de adquisición Número de inventario Total de préstamos Signatura topográfica completa Código de barras Fecha visto por última vez Precio válido a partir de Tipo de ítem Koha
      Excluido de préstamo Raros y valiosos Patrimonio Dominicano Patrimonio Dominicano Depósito 27.05.2011 LF1   199.7293 G215u 30768-10 25.06.2020 25.06.2020 No se presta

Powered by Koha